Ubrania na literę T - Statystyki

Ogólne statystyki
  • Ten quiz został rozwiązany 113 razy
  • Średni wynik to 6 z 14
Statystyki odpowiedzi
Ubrania % Poprawnych
trampki
80%
T-shirt
67%
torebka
65%
tunika
58%
tenisówki
55%
top
47%
toga
39%
trapery
38%
turban
34%
tren
33%
trepy
32%
trzewiki
29%
trencz
14%
trykot
12%
Nie znaleziono quizów pasujących do podanych kryteriów
Rozkład punktacji
Procent ludzi z każdym wynikiem
Percentyl według liczby udzielonych odpowiedzi
Twoja historia wyników
Nie rozwiązałeś tego quizu